Historia de la vida del buscón, llamado Don Pablos : (Record no. 6377)
[ view plain ]
| 000 -CABECERA | |
|---|---|
| fixed length control field | 01028nam a22002297a 4500 |
| 003 - IDENTIFICADOR DEL NÚMERO DE CONTROL | |
| control field | AR-CdUCM |
| 008 - DATOS DE LONGITUD FIJA--INFORMACIÓN GENERAL | |
| fixed length control field | 190315b ||||| |||| 00| 0 spa d |
| 040 ## - FUENTE DE LA CATALOGACIÓN | |
| Agencia/entidad que catalogó originalmente la obra | MUNICIPALIDAD PROVINCIAL DEL CUSCO |
| Entidad que transcribió la catalogación | BIBLIOTECA MUNICIPAL DEL CUSCO |
| 082 ## - NÚMERO DE LA CLASIFICACIÓN DECIMAL DEWEY | |
| No. de Clasificación | 030 / |
| Notacion interna | Q5 |
| 100 ## - ENTRADA PRINCIPAL--NOMBRE DE PERSONA | |
| Nombre Personal | Quevedo, Francisco de |
| 245 ## - MENCIÓN DE TÍTULO | |
| Título | Historia de la vida del buscón, llamado Don Pablos : |
| Resto del título | Los mejores libros de la literatura española / |
| 260 ## - PUBLICACIÓN, DISTRIBUCIÓN, ETC. | |
| Lugar de publicación, distribución, etc. | Lima : |
| Nombre de la editorial, distribuidor, etc. | Editora de Publicaciones Gente, |
| Fecha de publicación, distribución, etc. | 1987. |
| 300 ## - DESCRIPCIÓN FÍSICA | |
| Nº de Páginas Extensión | 158 páginas : |
| Dimensiones | 17 cm. |
| 440 ## - MENCIÓN DE SERIE/PUNTO DE ACCESO ADICIONAL--TÍTULO | |
| Título | Colección gratuita con la revista Gente (Lima-Perú) por su 3º aniversario. |
| Número de la parte/sección de una obra | 17 |
| 9 (RLIN) | 18173 |
| 505 ## - NOTA DE CONTENIDO CON FORMATO | |
| Nota de contenido formateada | Contenido: A Donde Francisco de Quevedo. Luciano, su amigo -- cuenta quien es y de donde -- De como fui a la escuela y lo que en ella me sucedió -- De como fui a un pupilaje por criado de don Diego Coronel... |
| 650 ## - PUNTO DE ACCESO ADICIONAL DE MATERIA--TÉRMINO DE MATERIA | |
| Descriptor | Literatura española |
| 9 (RLIN) | 362 |
| 650 ## - PUNTO DE ACCESO ADICIONAL DE MATERIA--TÉRMINO DE MATERIA | |
| Descriptor | Colecciones |
| 9 (RLIN) | 607 |
| 650 ## - PUNTO DE ACCESO ADICIONAL DE MATERIA--TÉRMINO DE MATERIA | |
| Descriptor | Siglo XX |
| 9 (RLIN) | 8 |
| 700 ## - PUNTO DE ACCESO ADICIONAL--NOMBRE DE PERSONA | |
| Nombre Personal | Banco de la Nación. |
| 9 (RLIN) | 18155 |
| 942 ## - ELEMENTOS DE PUNTO DE ACCESO ADICIONAL (KOHA) | |
| Fuente de clasificación | |
| Tipo de item | Libros-BMC |
| 945 ## - PROCESAMIENTO DE INFORMACIÓN LOCAL (OCLC) | |
| Catalogador | davv |
No items available.